00414nam a2200133Ia 4500001000400000008004100004020002200045082002400067100002700091245008700118260003100205901002900236999001500265616241024s9999 xx 000 0 und d a978-9945-427-33-2 aRD/972.9304/P438a/1 aFernando Pérez Memen 0aAnexión y Restauración de la República (Ideas, mentalidades e instituciones) bEdt. amigo del hogarc2008 a19/11/2010 11:05:32 a.m. c7572d7572